Approaches to the study of the environmental implications of contemporary urbanization

Αποθηκεύτηκε σε:
Λεπτομέρειες βιβλιογραφικής εγγραφής
Άλλοι συγγραφείς: White, Rodney R. (Επιμελητής έκδοσης), Burton, Ian (Επιμελητής έκδοσης)
Μορφή: Βιβλίο
Γλώσσα:English
Δημοσίευση: Paris : Unesco, 1983
Σειρά:MAB technical notes ; ; 14
Θέματα:
Ετικέτες: Προσθήκη ετικέτας
Δεν υπάρχουν, Καταχωρήστε ετικέτα πρώτοι!

MARC

LEADER 00000cam a2200000 i 4500
001 1/92005
008 970331s1983 i eng d
020 |a 92-3-102170-2 
035 |l 10008282 
040 |a GR-MY-UA  |b gre  |e aacr 
041 0 |a eng 
082 0 |a 363.70091724 
245 1 0 |a Approaches to the study of the environmental implications of contemporary urbanization /  |c Edited by Rodney White and Ian Burton 
260 |a Paris :   |b Unesco,   |c 1983 
300 |a 142 p.;  |b ill.;  |c 27 cm 
490 1 |a MAB technical notes  |v ; 14 
504 |a Bibliography: p. 131-135 
650 0 0 |a Urbanization  |x Environmental aspects  |z Developing countries. 
650 0 0 |a Urban policy  |x Environmental aspects  |z Developing countries. 
650 0 0 |a Environmental policy  |z Developing countries. 
700 1 |a White, Rodney R.  |4 edt 
700 1 |a Burton, Ian.  |4 edt 
830 0 |a MAB technical notes ;  |v ; 14 
852 |a INST  |b LESVOS  |e 19970331  |h 363.70091724 APP  |p 005100011667  |q 005100011667  |t BK  |y 0 
909 |a Λ  |b 010836